Mrazení /
Hororový román je třetím svazkem ze série. Po zdrcujících událostech u jezera Prism Lake se Grady a ostatní přeživší vydávají na jih v naději, že naleznou bezpečí v jednom z pověstných "Měst světla".
Uloženo v:
| Série: | Bílá tma,
část 3 |
|---|---|
| Hlavní autor: | |
| Další autoři: | |
| Médium: | E-kniha |
| Jazyk: | Czech |
| Vydáno: |
Praha :
Dobrovský s.r.o.,
2023
|
| Edice: | Fobos
|
| Témata: | |
| Příbuzné jednotky: | Z cyklu::
Bílá tma |
| Tagy: |
Žádné tagy |
| LEADER | 02366nam a2200457 i 4500 | ||
|---|---|---|---|
| 001 | 312076 | ||
| 003 | CZ PrSKC | ||
| 005 | 20260601215716.0 | ||
| 007 | ta | ||
| 008 | 230831s2023 xr g 000 f cze | ||
| 015 | |a cnb003545787 | ||
| 020 | |a 9788027721498 |q (vázáno) | ||
| 035 | |a (OCoLC)1408816332 | ||
| 040 | |a ABG001 |b cze |e rda | ||
| 041 | 1 | |a cze |h eng | |
| 072 | 7 | |a 821.111(73)-3 |x Americká próza |2 Konspekt | |
| 080 | |a 821.111(73)-31 |2 MRF | ||
| 080 | |a (0:82-312.4) |2 MRF | ||
| 100 | 1 | |a Maxwell, Flint |7 xx0272542 |4 aut | |
| 240 | 1 | 0 | |a Numbing. |l Česky |
| 245 | 1 | 0 | |a Mrazení / |c Flint Maxwell ; přeložil Jan David |
| 264 | 1 | |a Praha : |b Dobrovský s.r.o., |c 2023 | |
| 300 | |a 199 stran ; |c 21 cm | ||
| 336 | |a text |b txt |2 rdacontent | ||
| 337 | |a bez média |b n |2 rdamedia | ||
| 338 | |a svazek |b nc |2 rdacarrier | ||
| 490 | 1 | |a Fobos | |
| 500 | |a Přeloženo z angličtiny | ||
| 520 | 2 | |a Hororový román je třetím svazkem ze série. Po zdrcujících událostech u jezera Prism Lake se Grady a ostatní přeživší vydávají na jih v naději, že naleznou bezpečí v jednom z pověstných "Měst světla". |b Ke Gradymu, Stoneovi, Eleanor, Mikeymu a Žvejkovi se na konci předchozího dílu série přidává Mia, dívka v pokročilém stadiu těhotenství, jež ve vánici přišla o partnera. Spolu s novými přáteli se vypraví na cestu a dojdou do města, které jim slibuje přístřeší. Během pobytu v motelovém pokoji, kam se hrdinové uchýlí, aby se ukryli před tmou a tím, co v ní číhá, zaslechnou volání o pomoc. Nakladatelská anotace. Kráceno. | |
| 655 | 7 | |a americké romány |7 fd131796 |2 czenas | |
| 655 | 7 | |a horory (romány) |7 fd184202 |2 czenas | |
| 655 | 9 | |a American fiction |2 eczenas | |
| 655 | 9 | |a horror novels |2 eczenas | |
| 700 | 1 | |a David, Jan |4 trl | |
| 787 | 0 | 8 | |i Z cyklu: |t Bílá tma |g 3 |
| 830 | 0 | |a Fobos | |
| 900 | |a ABA001 |b 20 | ||
| 044 | |a xr | ||
| 910 | |a RBIT002 | ||
| 998 | |d 386063 |a https://core.palmknihy.cz/api/books/386063/cover?s0lq6o |b https://core.palmknihy.cz/api/books/386063/cover/400?s0lq6o |c https://core.palmknihy.cz/api/books/386063/cover/50?s0lq6o |e 2028-11-01 |g 208 |i 9788027721498 |j https://core.palmknihy.cz/api/books/386063/preview.epub |k https://core.palmknihy.cz/api/books/386063/preview.pdf |l |q 49 |r 1 |s https://www.palmknihy.cz/kniha/386063 |t ebook |y 2023 |z 0 |v Bílá tma |w 3 | ||
| 999 | |d 312074 | ||